00834cam a22002534a 4500999001300000001000600013003000900019005001700028008004100045010001700086020002200103040003500125082001600160100002100176245006200197250001200259260006300271300002900334500002000363650003100383650002500414942001200439952012900451 c438d43819312BD-DhUAP20200122123552.0050513s2006 nju b 001 0 eng  a 2005014008 a0131900056 (pbk.) aDLCcDLCdYDXdBAKERdBD-DhUAP00a190 HAK2231 aHakim, Albert B.10aHistorical introduction to philosophy /cAlbert B. Hakim. a5th ed. aUpper Saddle River, N.J. :bPearson/Prentice Hall,cc2006. axxi, 673 pages ;c24 cm. aIncludes index. 0aPhilosophyvIntroductions. 0aPhilosophyxHistory. 2ddccBK 00102ddc4070aUAPCLbUAPCLcGeneral Stacksd2020-01-22l1o190 HAKp3010019312r2025-08-12s2025-07-24t1w2020-01-22yBK